| 000 | 00739 a2200205 4500 | ||
|---|---|---|---|
| 005 | 20250513072251.0 | ||
| 020 | _a9781485118299 | ||
| 050 |
_aKTL 50.3 _bLAW 2018 |
||
| 110 | _aSAULCA | ||
| 245 | 1 | 0 |
_aLaw clinics and the clinical law movement in South Africa / _cedited by Bodenstein, Jobst |
| 264 | 1 |
_aClaremont, Cape Town: _bJUTA, _c2018 |
|
| 300 | _a573 pages | ||
| 336 |
_2rdacontent _atext _btxt |
||
| 337 |
_2rdamedia _aunmediated _bn |
||
| 338 |
_2rdacarrier _avolume _bnc |
||
| 500 | _aIncludes bibliographical references and index | ||
| 650 | _aLaw clinics | ||
| 942 |
_2lcc _cBK _h50.3 _iLAW _kKTL |
||
| 999 |
_c4703 _d4703 |
||